<?xml version="1.0" encoding="UTF-8"?>
<collection xmlns="http://www.loc.gov/MARC21/slim">
 <record>
  <leader>02427nam a22003017a 4500</leader>
  <controlfield tag="001">NCT_77394</controlfield>
  <controlfield tag="008">200326b        xxu||||| |||| 00| 0 vie d</controlfield>
  <datafield tag="999" ind1=" " ind2=" ">
   <subfield code="c">3768</subfield>
   <subfield code="d">3768</subfield>
  </datafield>
  <datafield tag="020" ind1=" " ind2=" ">
   <subfield code="a">9786048035051</subfield>
   <subfield code="c">85000</subfield>
  </datafield>
  <datafield tag="082" ind1=" " ind2=" ">
   <subfield code="2">23rd ed.</subfield>
   <subfield code="a">658.872</subfield>
   <subfield code="b">Th123</subfield>
  </datafield>
  <datafield tag="100" ind1="1" ind2=" ">
   <subfield code="a">Trần Thị Thập</subfield>
  </datafield>
  <datafield tag="245" ind1="1" ind2="0">
   <subfield code="a">Quản trị kinh doanh bán lẻ trực tuyến</subfield>
   <subfield code="c">Trần Thị Thập</subfield>
  </datafield>
  <datafield tag="260" ind1=" " ind2=" ">
   <subfield code="a">H.</subfield>
   <subfield code="b">Thông tin và truyền thông</subfield>
   <subfield code="c">2018</subfield>
  </datafield>
  <datafield tag="300" ind1=" " ind2=" ">
   <subfield code="a">284 tr.</subfield>
   <subfield code="b">Minh họa</subfield>
   <subfield code="c">21cm</subfield>
  </datafield>
  <datafield tag="520" ind1="3" ind2=" ">
   <subfield code="a">Nội dung sách trình bày tổng quan về quản trị bán lẻ; bán lẻ trực tuyến; quản trị bán lẻ trực tuyến; website và hệ thống thông tin bán lẻ trực tuyến</subfield>
  </datafield>
  <datafield tag="653" ind1=" " ind2=" ">
   <subfield code="a">Quản trị kinh doanh</subfield>
  </datafield>
  <datafield tag="942" ind1=" " ind2=" ">
   <subfield code="2">ddc</subfield>
   <subfield code="c">BK</subfield>
  </datafield>
  <datafield tag="952" ind1=" " ind2=" ">
   <subfield code="0">0</subfield>
   <subfield code="1">0</subfield>
   <subfield code="2">ddc</subfield>
   <subfield code="4">0</subfield>
   <subfield code="6">658_872000000000000_TH123</subfield>
   <subfield code="7">0</subfield>
   <subfield code="9">19302</subfield>
   <subfield code="a">000001</subfield>
   <subfield code="b">000001</subfield>
   <subfield code="d">2020-03-26</subfield>
   <subfield code="o">658.872 Th123</subfield>
   <subfield code="p">MD.16972</subfield>
   <subfield code="r">2020-03-26</subfield>
   <subfield code="v">85000.00</subfield>
   <subfield code="w">2020-03-26</subfield>
   <subfield code="y">BK</subfield>
  </datafield>
  <datafield tag="952" ind1=" " ind2=" ">
   <subfield code="0">0</subfield>
   <subfield code="1">0</subfield>
   <subfield code="2">ddc</subfield>
   <subfield code="4">0</subfield>
   <subfield code="6">658_872000000000000_TH123</subfield>
   <subfield code="7">0</subfield>
   <subfield code="9">19303</subfield>
   <subfield code="a">000001</subfield>
   <subfield code="b">000001</subfield>
   <subfield code="d">2020-03-26</subfield>
   <subfield code="o">658.872 Th123</subfield>
   <subfield code="p">MD.16973</subfield>
   <subfield code="r">2020-03-26</subfield>
   <subfield code="v">85000.00</subfield>
   <subfield code="w">2020-03-26</subfield>
   <subfield code="y">BK</subfield>
  </datafield>
  <datafield tag="952" ind1=" " ind2=" ">
   <subfield code="0">0</subfield>
   <subfield code="1">0</subfield>
   <subfield code="2">ddc</subfield>
   <subfield code="4">0</subfield>
   <subfield code="6">658_872000000000000_TH123</subfield>
   <subfield code="7">0</subfield>
   <subfield code="9">19304</subfield>
   <subfield code="a">000001</subfield>
   <subfield code="b">000001</subfield>
   <subfield code="d">2020-03-26</subfield>
   <subfield code="l">1</subfield>
   <subfield code="o">658.872 Th123</subfield>
   <subfield code="p">MD.16974</subfield>
   <subfield code="r">2020-08-27</subfield>
   <subfield code="s">2020-08-20</subfield>
   <subfield code="v">85000.00</subfield>
   <subfield code="w">2020-03-26</subfield>
   <subfield code="y">BK</subfield>
  </datafield>
  <datafield tag="952" ind1=" " ind2=" ">
   <subfield code="0">0</subfield>
   <subfield code="1">0</subfield>
   <subfield code="2">ddc</subfield>
   <subfield code="4">0</subfield>
   <subfield code="6">658_872000000000000_TH123</subfield>
   <subfield code="7">0</subfield>
   <subfield code="9">19305</subfield>
   <subfield code="a">000001</subfield>
   <subfield code="b">000001</subfield>
   <subfield code="d">2020-03-26</subfield>
   <subfield code="o">658.872 Th123</subfield>
   <subfield code="p">MD.16975</subfield>
   <subfield code="r">2020-03-26</subfield>
   <subfield code="v">85000.00</subfield>
   <subfield code="w">2020-03-26</subfield>
   <subfield code="y">BK</subfield>
  </datafield>
  <datafield tag="952" ind1=" " ind2=" ">
   <subfield code="0">0</subfield>
   <subfield code="1">0</subfield>
   <subfield code="2">ddc</subfield>
   <subfield code="4">0</subfield>
   <subfield code="6">658_872000000000000_TH123</subfield>
   <subfield code="7">0</subfield>
   <subfield code="9">19306</subfield>
   <subfield code="a">000001</subfield>
   <subfield code="b">000001</subfield>
   <subfield code="d">2020-03-26</subfield>
   <subfield code="o">658.872 Th123</subfield>
   <subfield code="p">MD.16976</subfield>
   <subfield code="r">2020-03-26</subfield>
   <subfield code="v">85000.00</subfield>
   <subfield code="w">2020-03-26</subfield>
   <subfield code="y">BK</subfield>
  </datafield>
  <datafield tag="952" ind1=" " ind2=" ">
   <subfield code="0">0</subfield>
   <subfield code="1">0</subfield>
   <subfield code="2">ddc</subfield>
   <subfield code="4">0</subfield>
   <subfield code="6">658_872000000000000_TH123</subfield>
   <subfield code="7">0</subfield>
   <subfield code="9">19307</subfield>
   <subfield code="a">000001</subfield>
   <subfield code="b">000001</subfield>
   <subfield code="d">2020-03-26</subfield>
   <subfield code="o">658.872 Th123</subfield>
   <subfield code="p">MD.16977</subfield>
   <subfield code="r">2020-03-26</subfield>
   <subfield code="v">85000.00</subfield>
   <subfield code="w">2020-03-26</subfield>
   <subfield code="y">BK</subfield>
  </datafield>
  <datafield tag="952" ind1=" " ind2=" ">
   <subfield code="0">0</subfield>
   <subfield code="1">0</subfield>
   <subfield code="2">ddc</subfield>
   <subfield code="4">0</subfield>
   <subfield code="6">658_872000000000000_TH123</subfield>
   <subfield code="7">0</subfield>
   <subfield code="9">19308</subfield>
   <subfield code="a">000001</subfield>
   <subfield code="b">000001</subfield>
   <subfield code="d">2020-03-26</subfield>
   <subfield code="l">1</subfield>
   <subfield code="o">658.872 Th123</subfield>
   <subfield code="p">MD.16978</subfield>
   <subfield code="r">2021-03-16</subfield>
   <subfield code="s">2021-03-03</subfield>
   <subfield code="v">85000.00</subfield>
   <subfield code="w">2020-03-26</subfield>
   <subfield code="y">BK</subfield>
  </datafield>
  <datafield tag="952" ind1=" " ind2=" ">
   <subfield code="0">0</subfield>
   <subfield code="1">0</subfield>
   <subfield code="2">ddc</subfield>
   <subfield code="4">0</subfield>
   <subfield code="6">658_872000000000000_TH123</subfield>
   <subfield code="7">0</subfield>
   <subfield code="9">19309</subfield>
   <subfield code="a">000001</subfield>
   <subfield code="b">000001</subfield>
   <subfield code="d">2020-03-26</subfield>
   <subfield code="o">658.872 Th123</subfield>
   <subfield code="p">MD.16979</subfield>
   <subfield code="r">2020-03-26</subfield>
   <subfield code="v">85000.00</subfield>
   <subfield code="w">2020-03-26</subfield>
   <subfield code="y">BK</subfield>
  </datafield>
  <datafield tag="952" ind1=" " ind2=" ">
   <subfield code="0">0</subfield>
   <subfield code="1">0</subfield>
   <subfield code="2">ddc</subfield>
   <subfield code="4">0</subfield>
   <subfield code="6">658_872000000000000_TH123</subfield>
   <subfield code="7">0</subfield>
   <subfield code="9">19310</subfield>
   <subfield code="a">000001</subfield>
   <subfield code="b">000001</subfield>
   <subfield code="d">2020-03-26</subfield>
   <subfield code="o">658.872 Th123</subfield>
   <subfield code="p">MD.16980</subfield>
   <subfield code="r">2020-03-26</subfield>
   <subfield code="v">85000.00</subfield>
   <subfield code="w">2020-03-26</subfield>
   <subfield code="y">BK</subfield>
  </datafield>
  <datafield tag="952" ind1=" " ind2=" ">
   <subfield code="0">0</subfield>
   <subfield code="1">0</subfield>
   <subfield code="2">ddc</subfield>
   <subfield code="4">0</subfield>
   <subfield code="6">658_872000000000000_TH123</subfield>
   <subfield code="7">0</subfield>
   <subfield code="9">19311</subfield>
   <subfield code="a">000001</subfield>
   <subfield code="b">000001</subfield>
   <subfield code="d">2020-03-26</subfield>
   <subfield code="o">658.872 Th123</subfield>
   <subfield code="p">MD.16981</subfield>
   <subfield code="r">2020-03-26</subfield>
   <subfield code="v">85000.00</subfield>
   <subfield code="w">2020-03-26</subfield>
   <subfield code="y">BK</subfield>
  </datafield>
  <datafield tag="980" ind1=" " ind2=" ">
   <subfield code="a">Thư viện Trường Đại học Nam Cần Thơ</subfield>
  </datafield>
 </record>
</collection>
